Návrh a realizácia otočného zásobníka riadeného pomocou PLC

Saved in:
Bibliographic Details
Main Author: Remiaš, Daniel (Author)
Other Authors: Bartoň, Martin (Thesis advisor)
Format: Manuscript Book
Language:Slovak
Published: 2020
Subjects:
Online Access:http://is.stuba.sk/zp/portal_zp.pl?podrobnosti=141563
Tags: Add Tag
No Tags, Be the first to tag this record!

MARC

LEADER 00000ntm a22000003a 4500
001 stuzp78011
003 SK-STU
005 20200718210530.8
007 ta
008 150427s2015----xo-----f-mn---000-0-slo-d
040 |a STU  |b slo 
041 0 |a slo 
100 1 |a Remiaš, Daniel  |u 066000  |4 aut  |U MTF Materiálovotechnologická fakulta  |T MTF Ústav aplikovanej informatiky, automatizácie a mechatroniky  |X 91617  |U M6000  |Y 86  |7 91617 
242 0 1 |a Design and realization of rotating stack controlled by PLC  |y eng 
245 1 0 |a Návrh a realizácia otočného zásobníka riadeného pomocou PLC 
260 |c 2020 
650 4 |a PH  |2 slo 
650 4 |a blistre  |2 slo 
650 4 |a otočný zásobník  |2 slo 
650 4 |a IGBT moduly  |2 slo 
650 4 |a rotary magazine  |2 eng 
650 4 |a blisters  |2 eng 
650 4 |a PH  |2 eng 
650 4 |a IGBT modules  |2 eng 
700 1 |a Bartoň, Martin  |u 066000  |k Z3  |4 ths  |U MTF Materiálovotechnologická fakulta  |T MTF Ústav aplikovanej informatiky, automatizácie a mechatroniky  |X 71659  |U M6000  |Y 86  |7 71659 
856 4 |u http://is.stuba.sk/zp/portal_zp.pl?podrobnosti=141563 
996 |c M* BP-8958  |l MMSKP  |s P  |a 0  |w stuzp78011_0001